Affecting change : (Record no. 3436)

MARC details
000 -LEADER
fixed length control field 01156cam a22003254a 4500
001 - CONTROL NUMBER
control field 2157731
003 - CONTROL NUMBER IDENTIFIER
control field OSt
005 - DATE AND TIME OF LATEST TRANSACTION
control field 20180524194526.0
008 - FIXED-LENGTH DATA ELEMENTS--GENERAL INFORMATION
fixed length control field 990330s2000 maua b 001 0 eng
010 ## - LIBRARY OF CONGRESS CONTROL NUMBER
LC control number 99028199
020 ## - INTERNATIONAL STANDARD BOOK NUMBER
International Standard Book Number 0801330343 (pbk.)
040 ## - CATALOGING SOURCE
Original cataloging agency DLC
Transcribing agency DLC
Modifying agency DLC
042 ## - AUTHENTICATION CODE
Authentication code pcc
043 ## - GEOGRAPHIC AREA CODE
Geographic area code n-us---
050 00 - LIBRARY OF CONGRESS CALL NUMBER
Classification number HV40.8.U6
Item number H39
082 00 - DEWEY DECIMAL CLASSIFICATION NUMBER
Classification number 322.4088/36130973
Edition number 22
245 10 - TITLE STATEMENT
Statement of responsibility, etc Karen S. Haynes, James S. Mickelson ; foreword by Barbara A. Mikulski.
100 1# - MAIN ENTRY--PERSONAL NAME
Personal name Haynes, Karen S.
245 10 - TITLE STATEMENT
Title Affecting change :
Remainder of title social workers in the political arena /
250 ## - EDITION STATEMENT
Edition statement 4th ed.
260 ## - PUBLICATION, DISTRIBUTION, ETC. (IMPRINT)
Place of publication, distribution, etc Boston :
Name of publisher, distributor, etc Allyn and Bacon,
Date of publication, distribution, etc c2000.
300 ## - PHYSICAL DESCRIPTION
Extent xix, 220 p. :
Other physical details ill. ;
Dimensions 24 cm.
504 ## - BIBLIOGRAPHY, ETC. NOTE
Bibliography, etc Includes bibliographical references and index.
650 #0 - SUBJECT ADDED ENTRY--TOPICAL TERM
Topical term or geographic name as entry element Social workers
General subdivision Political activity
Geographic subdivision United States.
651 #0 - SUBJECT ADDED ENTRY--GEOGRAPHIC NAME
Geographic name United States
General subdivision Social policy.
700 1# - ADDED ENTRY--PERSONAL NAME
Personal name Mickelson, James S.
906 ## - LOCAL DATA ELEMENT F, LDF (RLIN)
a 7
b cbc
c orignew
d 1
e ocip
f 19
g y-gencatlg
942 ## - ADDED ENTRY ELEMENTS (KOHA)
Source of classification or shelving scheme Library of Congress Classification
Koha item type Books

No items available.

Copyright © 2026  MUG Library